[Event "EU-ch 6th"]
[Site "Warsaw"]
[Date "2005.06.29"]
[Round "11"]
[White "Milov, Vadim"]
[Black "Ivanchuk, Vassily"]
[Result "1/2-1/2"]
[WhiteElo "2653"]
[BlackElo "2739"]
[Annotator "Krasenkow,M"]
[PlyCount "167"]
[EventDate "2005.06.18"]
[EventType "swiss"]
[EventRounds "13"]
[EventCountry "POL"]
[SourceTitle "CBM 108"]
[Source "ChessBase"]
[SourceDate "2005.09.26"]
[SourceVersion "1"]
[SourceVersionDate "2005.09.26"]
[SourceQuality "1"]

1. d4 Nf6 2. c4 g6 3. Nc3 d5 4. cxd5 Nxd5 5. e4 Nxc3 6. bxc3 Bg7 7. Qa4+ Nd7 8.
Be3 O-O 9. Rd1 {The idea of GM Vadim Milov.} (9. Rc1 {is played more often.})
9... c5 (9... b6 $5 10. Bd3 Bb7 11. Ne2 e6 12. O-O Qe7 13. Qb3 e5 14. d5 Qd6
15. c4 Nc5 $13 {1-0 Milov,V-Petrosian,T/Antalya 2004/CBM 101 (78)}) 10. Bd3 (
10. Nf3 {allows} Qc7 11. Bd3 cxd4 12. cxd4 Qc3+ {, e.g.} 13. Ke2 Nb6 14. Qb3
Qxb3 15. axb3 Bg4 $11 {0-1 Holm,S-Borge,N/Denmark 1998/EXT 99 (45)}) 10... Nb6
(10... Qc7 11. Ne2 e5 {is another plan} (11... a6 12. Qa3 Rb8 13. O-O e6 14. f4
b5 15. f5 $1 $16 {Goldin,A-Mikhalevski,V/Philadelphia 2004/CBM 101 ext (30)}) {
Here is an example of GM Milov's play:} 12. d5 Nf6 13. O-O Bd7 14. Qa3 b6 15.
Qc1 Ne8 16. Ng3 Nd6 17. f4 exf4 (17... f6 18. f5 $1) 18. Bxf4 Rae8 19. Rde1 f6
20. h4 Bg4 21. h5 Qd7 22. hxg6 hxg6 23. Qb1 Qd8 24. Nh1 Bc8 25. Nf2 Nf7 26. Bb5
Bd7 27. a4 $13 {1-0 Milov,V-Kalod,R/Albox ESP 2005/The Week in Chess 553 (48)})
11. Qa3 (11. Qb3 Bd7 $5 {[%cal Rd7a4]}) 11... cxd4 12. cxd4 Qd6 13. Qxd6 exd6
14. Ne2 f5 {A typical attack.} 15. O-O (15. f3 $5 {was the only way to fight
for an advantage. Black could reply e.g.} fxe4 16. fxe4 d5 17. e5 Bf5 18. Bxf5
Rxf5 19. Nf4 $14 {[%csl Rd5,Ge5,Rg7]}) 15... fxe4 16. Bxe4 Bg4 17. f3 Rae8 18.
Nc3 Bf5 19. Bf2 Bxe4 20. Nxe4 $6 (20. fxe4 Nc4 21. Rfe1 $11) 20... d5 21. Nc5
Re2 22. a4 Rfe8 23. Kh1 $2 {This move, hard to understand, leads to serious
trouble for White.} (23. a5 Nc4 24. Nxb7 Rb2 $44) 23... Ra2 24. Nxb7 Nxa4 $17 {
[%csl Ga7]} 25. Bg3 Nc3 (25... Ree2 $5) 26. Rd3 Rc2 (26... Ne2 $5 27. Nd6 Nxg3+
28. hxg3 Ree2 29. Rg1 Red2 $19) 27. Na5 Nb5 28. Nb3 Ree2 29. Rg1 Rb2 30. h4 a5
{Black trades his passed pawn for the weak d4 pawn, after which it is easier
for White to defend. However, there was no other way to make progress.} 31.
Nxa5 Bxd4 (31... Nxd4 $5 {was interesting, cutting off the white knight, e.g.}
32. Rc1 (32. Kh2 Rb5 33. Ra3 Bf8) 32... Rxg2 (32... Nf5 $5 33. Bf4 Rb4 34. g3
Rxf4 $1 35. gxf4 Bd4 36. Rg1 Bxg1 37. Kxg1 d4 $17) 33. Rc8+ Kf7 34. Rc7+ Kf6
35. Rxd4 Rxg3 36. Rxd5 Rxf3 $17) 32. Rc1 Rxg2 33. Bf4 Rgc2 34. Nb3 Rxc1+ 35.
Bxc1 Rb1 36. Nxd4 Rxc1+ 37. Kg2 Nc7 38. Kg3 Kf7 {This endgame looks winning
for Black but...} 39. Rb3 Rc4 40. Rb7 Ke7 41. Ne2 Kf6 42. Nf4 Ke5 43. Ra7 {
An interesting moment. Both players go for the rook ending. Which of them is
right? Apparently White!} (43. Nd3+ {was possible, of course.}) 43... Rxf4 (
43... Kd6 $142 $17) 44. Rxc7 h5 45. Re7+ Kd6 46. Ra7 (46. Kxf4 $2 Kxe7 47. Ke5
g5 $1 $19) 46... Rf6 47. Ra1 Kc5 (47... d4 $2 48. Ra6+ Ke7 49. Ra7+ {and Black
can't evade checks.}) 48. Rc1+ Kb4 49. Kf2 Re6 {Cutting off the white king but
White easily defends by means of the typical front attack.} (49... Rf4 $5 {
probably didn't win either, e.g.} 50. Rh1 d4 51. Ke2 {etc.}) 50. Rd1 Kc5 51.
Rc1+ Kd6 52. Rd1 Kc6 53. Rc1+ Kd7 54. Ra1 Ke7 55. Rb1 d4 {What else?} 56. Rb4
Rd6 57. Ke2 Ke6 58. Rb5 d3+ (58... Rd5 59. Rb6+ Kf5 60. Kd3 g5 $140 61. Rh6 $1
$11) 59. Kd2 Rd4 60. Ra5 Kf6 61. Ra8 Rd5 62. Rf8+ Ke5 63. Rg8 Kf5 64. Rf8+ Ke6
65. Rg8 Kf7 66. Ra8 Kg7 67. Ra3 Rd4 68. Rxd3 Rxh4 {This is a theoretical draw.}
69. Ke3 Rh2 70. Rd1 Kh6 71. f4 Ra2 72. Rd6 Ra3+ 73. Kf2 Kg7 74. Kg2 h4 75. Rb6
Rg3+ 76. Kf2 Rc3 77. Kg2 Ra3 78. Rc6 Rg3+ 79. Kf2 Rb3 80. Kg2 Rb4 81. Kf3 h3
82. Kg3 Rb3+ 83. Kh2 Rf3 84. Ra6 1/2-1/2

[Event "EU-ch 6th playoff"]
[Site "Warsaw"]
[Date "2005.07.02"]
[Round "3.2"]
[White "Ivanchuk, Vassily"]
[Black "Eljanov, Pavel"]
[Result "1-0"]
[WhiteElo "2739"]
[BlackElo "2641"]
[Annotator "Hazai,L"]
[PlyCount "49"]
[EventDate "2005.07.02"]
[EventType "k.o. (rapid)"]
[EventRounds "3"]
[EventCountry "POL"]
[SourceTitle "CBM 108"]
[Source "ChessBase"]
[SourceDate "2005.09.26"]
[SourceVersion "1"]
[SourceVersionDate "2005.09.26"]
[SourceQuality "1"]

1. d4 Nf6 2. Nf3 g6 3. Bg5 Bg7 4. Nbd2 O-O 5. e4 (5. c3 d6 6. e4 {is the way
to avoid the game continuation.}) 5... d5 {This is the aggressive reply.} 6.
exd5 (6. e5 Ne4 $1) 6... Nxd5 {Black soon will attack the [+] mostly by c5.} 7.
Nb3 (7. Bc4 c5 $1 {White has the better development, but his pieces are not
well coordinated for the central fight.} 8. c3 (8. Nb3 Nb6 9. Be2 cxd4 10.
Nbxd4 Bd7 {/\ Nc6 finishing the development with easy.} 11. O-O Nc6 12. c3 Re8
13. Nxc6 Bxc6 14. Qxd8 Raxd8 $11 {Smyslov-Rytshagov, Tallinn 1996}) 8... cxd4
9. Nxd4 h6 (9... Nb6 10. Bb3 h6 11. Be3 Nd5 {and White's ^^ will vanish.} 12.
Bxd5 Qxd5 13. Qf3 Qxf3 14. N2xf3 Bd7 15. O-O-O Nc6 $11 {Panchenko-Petrushin,
Rostov 1993}) 10. Bh4 Nb6 11. Be2 g5 {Black grabs the |^ in the [+].} 12. Bg3
e5 13. N4b3 f5 14. f3 Nd5 15. Nc4 Nc6 {Black has a very active position.} 16.
a4 b6 17. O-O Be6 $13 {Plachetka-Roca, Bled 2002}) (7. Nc4 Nd7 {/\ c5} 8. c3 (
8. Qd2 c5 9. O-O-O {castling into the storm...} b5 10. Ne3 N5f6 11. dxc5 Qc7
12. Nd5 Nxd5 13. Qxd5 Nxc5 14. Be3 Na4 15. Nd4 Bf5 16. Bxb5 Nxb2 $1 $40 {
Agzamov-W.Watson, Frunze 1985}) 8... c5 9. Be2 cxd4 10. cxd4 {White has an
isolated P for nothing.} N7b6 $15 {Trikaliotis-Grivas, Ano Liosia 1995}) (7. c3
h6 (7... Nd7 {/\ c5} 8. Bc4 N7b6 9. Bb3 {and at least c5 will not come
immediately.} h6 10. Bh4 {looks more logical.} (10. Be3 {The B is vulnerable
here.} c5 11. O-O Nxe3 (11... cxd4 12. Bxd4 Bxd4 13. Nxd4 e5 14. N4f3 Nf4 15.
Ne4 Qd3 16. Re1 $16 {Sasikiran-Paragua, Calcutta 2001}) 12. fxe3 Qc7 $13)) (
7... c5 {Black can immediately attack the [+].} 8. dxc5 Qc7 {winning back the
P immediately.} 9. Bc4 Qxc5 10. Bb3 Nf6 11. O-O Nc6 12. Qe2 Bf5 $11 {
Moutousis-Grivas, Poros 1998}) 8. Bh4 f5 (8... Nd7 9. Bc4 N5b6 {/\ c5} 10. Bb3
c5 11. O-O cxd4 12. cxd4 Nf6 {blockading the vital d5 square, White has no
real pressure for the isolani.} 13. Re1 Nbd5 $11 {Torre-Nikolaidis, Yerevan
1996}) 9. Bc4 c6 10. O-O g5 11. Bxg5 hxg5 12. Nxg5 {White's -> looks dangerous
at first sight but Black has good defensive resources.} Qd6 13. Re1 Na6 14. f4
Nac7 15. Qh5 Rf6 $5 (15... Qh6 16. Qxh6 (16. Qf3 $143 Kh8 $17 {Cicak-Smirin,
Czechia 2004}) 16... Bxh6 17. Rxe7)) 7... h6 (7... a5 $5 {attacking the badly
placed N.} 8. c4 $5 (8. a4 h6 9. Bd2 b6 10. Be2 Bb7 11. O-O Nd7 12. c4 N5f6 13.
Qc1 Kh7 14. Rd1 e6 15. h3 Qe7 16. Bf4 Rac8 $11 {Boensch-Epishin, Brno 1991}))
8. Bd2 Bg4 (8... Nd7 9. Be2 (9. c4 N5f6 10. Qc2 e5 $1 {blowing up White's [+].}
11. Nxe5 Nxe5 12. dxe5 Bf5 13. Qc1 Re8 14. f4 Ne4 15. Be3 $2 Qh4+ 16. g3 Nxg3
17. Bf2 Bxe5 $1 {attacking the K in the [+]?} 18. fxe5 Rxe5+ 19. Kd2 Ne4+ $19 {
Krumpacnik-Jelen, Bled 1998}) 9... c5 $1 {Black opens up the /^ for his
fianchettoed B.} (9... e5 {is the other way for equalization.} 10. dxe5 Nxe5
11. O-O c6 $11 12. c3 Qc7 13. Re1 Nf4 14. Nxe5 Bxe5 15. Bf1 {1/2-1/2
Bareev-Khalifman, Wijk aan Zee 1995 62/(59)}) 10. c4 (10. dxc5 $6 {Dautov} Bxb2
11. Bxh6 Nc3 $17) (10. Qc1 {Dautov} Kh7 11. Nxc5 Nxc5 12. dxc5 Qc7 (12... Bf5
$44) 13. c4 Nf6 14. b4 a5 $44) 10... N5f6 11. O-O Ne4 $1 12. Be3 b6 $1 {/\ Bb7}
13. Qc1 (13. Nbd2 {Dautov} Nd6 $1 14. Bd3 cxd4 15. Bxd4 e5 16. Bc3 Re8 17. Re1
Bb7 $15) 13... Kh7 {The b3 N remains utterly passive.} 14. Rd1 Qc7 $15 {
Nikolac-Wojtkiewicz, Bad Woerishofen 1998 CBM 063}) 9. Be2 Nd7 10. h3 Be6 {
This retreat is not logical, the B is not doing anything here.} (10... Bxf3 11.
Bxf3 c6 12. O-O e5 {was more to the point.}) 11. c4 N5b6 12. Qc1 Kh7 13. d5 {
There is no need forcing matters.} (13. O-O $1 {leaving the bad B and
finishing the development was logical.} c6 14. Re1 Bf5 15. Bf1 $14) 13... Bf5
14. Bc3 e5 15. dxe6 Bxe6 16. Bxg7 Kxg7 17. Qc3+ Qf6 18. Qxf6+ Kxf6 {and
White's |^ vanished completely.} 19. Na5 (19. O-O-O a5 $13) 19... Na4 $2 (19...
Rfe8 $1 $132 {and the pin on the e <-> can be annoying.}) 20. O-O-O Nac5 $6 {
following the wrong plan.} (20... Rab8) 21. Nd4 Ne5 $2 {This is the losing
move.} (21... Rab8 22. Nxe6 $16) 22. f4 $18 Ned7 23. Nxe6 Kxe6 24. Rhe1 Rad8
25. b4 1-0

[Event "Canadian op"]
[Site "Edmonton"]
[Date "2005.07.11"]
[Round "4"]
[White "Ivanchuk, Vassily"]
[Black "Charbonneau, Pascal"]
[Result "1-0"]
[WhiteElo "2752"]
[BlackElo "2527"]
[Annotator "Finkel,A"]
[PlyCount "75"]
[EventDate "2005.07.09"]
[EventType "swiss"]
[EventRounds "10"]
[EventCountry "CAN"]
[SourceTitle "CBM 107 Extra"]
[Source "ChessBase"]
[SourceDate "2005.09.01"]
[SourceVersion "1"]
[SourceVersionDate "2005.09.01"]
[SourceQuality "1"]

1. Nf3 d5 2. c4 dxc4 3. Qa4+ Nc6 $5 {Intending to deviate from the theory as
early as possible!} 4. Nc3 Nf6 (4... a6 $5 5. e3 (5. Qxc4) 5... Be6 6. Ne5 Qd6
7. Nxc6 Qxc6 8. Qxc6+ bxc6 9. Ne4 Nf6 $15 {Cyborowski,L-Volzhin,A/Koszalin 1998
}) 5. g3 Nd5 6. Qxc4 Ndb4 $5 {This move is a novelty, which seems to promise
black good prospects in the forthcoming struggle.} (6... Nb6 7. Qb3 g6 8. Bg2
Bg7 9. O-O O-O 10. d3 a5 11. Be3 Be6 12. Qc2 Nd5 13. Bd2 h6 14. a3 $14 {
Janata,M-Lehmann,H/Siegburg, Bad Godesberg 1969}) 7. Qb3 Be6 ({Another
reasonable continuation was} 7... Bf5 $5 8. d3 Bg4 9. Ne5 Be6 10. Nxc6 Bxb3 11.
Nxd8 Rxd8 12. Kd2 Be6 $13 {and black is doing fine.}) 8. Qa4 Bd7 9. Qd1 Bf5 $5
({Once again black had a comfortable choice between a move in the game and 9...
Bg4:} 9... Bg4 10. Bg2 Nd4 11. Nxd4 Nd3+ 12. Kf1 Qxd4 13. Qa4+ Qxa4 14. Nxa4
Nxc1 15. Rxc1 O-O-O $11) 10. d3 Bg4 11. a3 ({Nothing promised} 11. Bg2 Bxf3 12.
Bxf3 Nd4 13. Bxb7 Rb8 14. Bg2 Ndc2+ 15. Kf1 Nxa1 16. a3 Nac2 17. axb4 Nxb4 18.
Qa4+ Qd7 19. Qxa7 Rc8 $15 {and black is better.}) 11... Bxf3 12. exf3 Nd5 13.
Bg2 e6 14. f4 Nb6 (14... Bc5 15. Nxd5 exd5 16. O-O (16. Qb3 Qe7+ 17. Kf1 Nd4
$17) 16... Ne7 (16... O-O $6 17. Qb3 Nd4 18. Qxb7 c6 19. b4 Rb8 20. Qa6 Ne2+
21. Kh1 $14) 17. f5 Qd7 18. f6 gxf6 19. d4 Bd6 $132) 15. O-O Be7 16. Be3 Qd7
17. Qb3 O-O (17... Qxd3 $2 18. Rfd1 Qg6 19. Nb5 O-O 20. Nxc7 $16) 18. Rfd1 Rfd8
19. Rac1 Rab8 20. Bxc6 $1 bxc6 $6 {More in the spirit of the position was} (
20... Qxc6 $5 21. Nb5 Qf3 22. Nxc7 Bf6 23. Nb5 Nd5 24. Bxa7 Ra8 $44 {with more
than sufficient compensation for a pawn. After a move in the game white gets a
steady plus due to a pressure on c6.}) 21. Qc2 $14 a5 22. Rd2 Nd5 23. Na4 g5 $6
({More chances for the successfull defense would leave} 23... c5 $5 24. Bxc5
Bf6 25. d4 Nb6 26. Bxb6 cxb6 27. Rcd1 b5 28. Nc3 $14) 24. fxg5 Nxe3 25. fxe3
Bxg5 26. Kf2 $16 e5 27. Re1 f5 (27... Qe6 28. Kg1 Qh6 29. Rde2 Qg6 30. Nc5 Be7
31. Rf2 $16) 28. Qc4+ Qd5 29. Rc1 $1 Kh8 30. h4 Bxe3+ (30... Bh6 31. Qxc6 $18)
31. Kxe3 f4+ 32. gxf4 exf4+ 33. Kf2 Qe5 34. Re1 Qf6 35. Kf1 Rd4 36. Qc3 Rbd8
37. Rg2 Qxh4 38. Qxd4+ $1 1-0

[Event "Canadian op"]
[Site "Edmonton"]
[Date "2005.07.14"]
[Round "7"]
[White "Shirov, Alexei"]
[Black "Ivanchuk, Vassily"]
[Result "1/2-1/2"]
[WhiteElo "2705"]
[BlackElo "2752"]
[Annotator "Finkel,A"]
[PlyCount "113"]
[EventDate "2005.07.09"]
[EventType "swiss"]
[EventRounds "10"]
[EventCountry "CAN"]
[SourceTitle "CBM 107 Extra"]
[Source "ChessBase"]
[SourceDate "2005.09.01"]
[SourceVersion "1"]
[SourceVersionDate "2005.09.01"]
[SourceQuality "1"]

1. e4 c5 2. Nf3 Nc6 3. Bb5 g6 4. Bxc6 dxc6 5. d3 Bg7 6. h3 Nf6 7. Nc3 O-O (7...
Nd7) 8. Be3 b6 9. Qd2 e5 10. Bh6 Qd6 11. O-O-O a5 12. Bxg7 Kxg7 13. g4 (13. Nh2
a4 14. Ng4 (14. Ne2 c4 $6 15. Ng4 $1 h5 16. Qh6+ Kg8 17. dxc4 Qe7 18. Nxf6+
Qxf6 19. Ng3 Qe7 20. Rhg1 Qh4 21. Nf5 $16 {Nisipeanu,L-Kasimdzhanov,R/Germany
2002}) 14... Ng8 15. Ne2 (15. Kb1 a3 16. b3 Qd4 17. Nh2 b5 18. Nf3 Qd6 19. Ne2
Be6 $13 {Grischuk,A-Leko,P/Moscow 2002}) 15... Bxg4 16. hxg4 Qe6 17. Kb1 Qxg4
18. f3 Qe6 19. g4 f6 20. f4 a3 21. f5 Qd7 22. b3 g5 23. Qe3 h6 24. c3 Qe7 25.
Ng1 Rfe8 26. Nf3 Rad8 27. Kc2 Rd7 28. Rd2 {1/2-1/2 Grischuk,A-Ponomariov,R/
Moscow 2002}) (13. Qg5 Re8 14. Nd2 h6 15. Qh4 b5 16. Ne2 g5 17. Qg3 a4 18. Qe3
Be6 19. Kb1 a3 20. b3 Rad8 $13 {Kveinys,A-Calistri,T/Paris 2004}) 13... Be6 {
Ivanchuk decides not to follow Leko's foot steps, even though 13...a4 braught
black a very convincing win 3 years ago.} (13... a4 14. Ne2 b5 15. Ng3 b4 16.
Qg5 Re8 17. Nd2 a3 18. bxa3 $2 h6 19. Qe3 Be6 $40 {Shirov,A-Leko,P/Dortmund
2002}) 14. Ng5 $6 {Capture on e6 hardly serves white's interests so I don't
like a move in the game.} Nd7 15. Nxe6+ (15. f4 exf4 16. Rdf1 h6 17. Nxe6+ fxe6
18. g5 hxg5 19. Rhg1 Qe5 $15) (15. Rdf1 b5 16. f4 b4 17. Ne2 Bxa2 18. Nf3 f6
$17) 15... fxe6 $1 16. g5 ({In case of} 16. h4 h6 $5 17. g5 h5 $15 {white
would be deprived any attacking chances on the kingside.}) 16... a4 17. h4 Qd4
18. Rdf1 $2 {After a move in the game white's position deteriorates in just a
couple of moves. It was necessary to try} (18. Ne2 $1 Qxf2 19. h5 Rf3 20. hxg6
hxg6 21. Rh6 Raf8 $13 {with slightly worse, but defendable position.}) 18... a3
$1 $17 {Black is the first one to get to the opponent's king.} 19. h5 (19. b3
b5 20. Kd1 c4 21. h5 cxb3 22. cxb3 Rf3 $17) 19... c4 $6 ({The simplest way to
decide the game was} 19... axb2+ $1 20. Kb1 Ra3 21. f4 Rxc3 (21... Qxc3 22.
Qxc3 Rxc3 23. Kxb2 Rxd3 24. cxd3 exf4 $13) 22. hxg6 hxg6 23. Qh2 Kf7 24. Qh7+
Ke8 25. Qxg6+ Kd8 $19 {and black king easily escapes perpetual.}) 20. f4 cxd3
$1 (20... axb2+ 21. Kb1 cxd3 22. cxd3 Nc5 23. hxg6 hxg6 24. fxe5 Qxd3+ 25. Qxd3
Nxd3 26. Rf6 Rae8 $17) 21. Rf3 Nc5 22. hxg6 hxg6 23. Qh2 axb2+ 24. Kb1 dxc2+ $6
(24... Rh8 $1 25. Rh3 Rxh3 26. Qxh3 Qxc3 27. Qh7+ Kf8 28. Qh8+ Ke7 29. Rh7+ Kd6
30. fxe5+ Qxe5 31. Qxa8 dxc2+ 32. Kxc2 Qxe4+ 33. Kxb2 Na4+ $19) 25. Qxc2 exf4
$6 (25... Rxf4 26. Rfh3 Raf8 27. Rh7+ Kg8 28. Rh8+ Kf7 29. Rxf8+ Kxf8 $19) 26.
Qxb2 Rh8 $6 (26... e5 27. Rfh3 Rh8 28. Rxh8 Qd3+ 29. Ka1 Rxh8 30. Rd1 Qf3 $19)
27. Rd1 Qe5 28. Rxf4 $1 $17 Rh3 29. Na4 Qxb2+ 30. Nxb2 Rf8 $6 (30... Rg3 $1 $19
) 31. Rxf8 Kxf8 32. Rd6 $15 Rh4 (32... Ke7 33. Rxc6 Nxe4 34. Rxb6 Nxg5 35. a4
$11) 33. Kc2 Rh2+ 34. Kc1 Ke7 35. Rxc6 Nxe4 36. Rxb6 Rh4 37. Kc2 Rh2+ 38. Kd3
Nxg5 39. a4 Nf3 40. Nc4 (40. a5 Ne5+ 41. Kd4 Nd7 42. Rb7 e5+ 43. Ke3 $11) 40...
g5 41. a5 g4 42. Ke3 Rc2 43. Nd6 (43. Rb4 e5 44. a6 Ra2 45. Rb7+ Kf6 46. a7 Nd4
47. Nb6 Nf5+ 48. Kd3 e4+ 49. Kxe4 Nd6+ 50. Kf4 Nxb7 51. a8=Q $11) 43... Nd2 44.
Kf4 Ra2 45. a6 Ra4+ 46. Kg3 Nc4 47. Nxc4 Rxc4 48. Rb8 Ra4 49. Ra8 Kf6 50. a7
Ke5 51. Kh4 Ke4 52. Kxg4 e5 53. Kg3 Ra2 54. Kh4 Ke3 55. Kh5 e4 56. Kg5 Ra5+ 57.
Kg6 1/2-1/2

[Event "EU-chT (Men) 15th"]
[Site "Gothenburg"]
[Date "2005.08.01"]
[Round "3.1"]
[White "McNab, Colin Anderson"]
[Black "Ivanchuk, Vassily"]
[Result "1/2-1/2"]
[WhiteElo "2451"]
[BlackElo "2752"]
[Annotator "CB"]
[PlyCount "83"]
[EventDate "2005.07.30"]
[EventType "team-swiss"]
[EventRounds "9"]
[EventCountry "SWE"]
[SourceTitle "CBM 109"]
[Source "ChessBase"]
[SourceDate "2005.11.14"]
[SourceVersion "1"]
[SourceVersionDate "2005.11.14"]
[SourceQuality "1"]
[WhiteTeam "Scotland"]
[BlackTeam "Ukraine"]
[WhiteTeamCountry "SCO"]
[BlackTeamCountry "UKR"]

1. c4 e6 2. Nf3 d5 3. b3 d4 4. g3 Nc6 5. Bg2 e5 6. d3 Bb4+ 7. Nbd2 a5 8. a3 Be7
9. Rb1 Nf6 10. O-O Nd7 11. Ne1 O-O 12. Nc2 Nc5 13. Ne4 Na6 14. Qe1 f5 15. Nd2
Kh8 16. h4 Rb8 17. Nf3 e4 18. Ng5 Nc5 19. Qd1 Bf6 20. Nh3 b5 21. Bg5 Bxg5 22.
hxg5 b4 23. axb4 axb4 24. Nf4 Qxg5 25. e3 Rd8 26. exd4 Nxd4 27. dxe4 Ndxb3 28.
Nd5 c6 29. Nd4 cxd5 30. Nc6 Ba6 31. exd5 {Black is of course completely
winning, but now happens something, which rarely happens for the best players.
Ivanchuk blitzes out his next move, overlooking a simple knight fork.} Bxc4 $4
(31... Qg4 {wins easily.}) 32. Ne5 Qf6 33. Nxc4 Nd4 (33... Qc3 {still wins.})
34. Re1 Ne4 (34... b3 {was potentially better - Fritz.}) 35. Bxe4 fxe4 36. Rxe4
Rxd5 37. Rxb4 $1 {How often are you allowed to back rank a 2750 grandmaster?}
Rbd8 38. Kg2 Qc6 {It seems as if Black is still creating problems for White.}
39. Ne5 $1 Rxe5 40. Qxd4 $1 {"Ivanchuk's bushy eyebrows went through the
roof!" said one observer of the game. Clearly the genius from Ukraine had
missed this.} Qxe4+ 41. Qxe4 Rxe4 42. Rxe4 1/2-1/2

[Event "Stepanakert-A"]
[Site "Stepanakert"]
[Date "2005.10.03"]
[Round "2"]
[White "Dreev, Alexey"]
[Black "Ivanchuk, Vassily"]
[Result "1/2-1/2"]
[WhiteElo "2694"]
[BlackElo "2748"]
[Annotator "Hazai,L"]
[PlyCount "41"]
[EventDate "2005.10.02"]
[EventType "tourn"]
[EventRounds "9"]
[EventCountry "ARM"]
[EventCategory "17"]
[SourceTitle "CBM 110"]
[Source "ChessBase"]
[SourceDate "2006.01.31"]
[SourceVersion "1"]
[SourceVersionDate "2006.01.31"]
[SourceQuality "1"]

1. d4 Nf6 2. c4 g6 3. Nc3 Bg7 4. e4 d6 5. Bd3 O-O 6. Nge2 c5 7. d5 e6 8. O-O
exd5 9. exd5 Ng4 10. Bc2 Re8 (10... Na6 {Other tries are also interesting, for
example:} 11. a3 (11. h3 Ne5 12. b3 Re8 13. Bd2 f5 $5 {was simple and good.} (
13... Nb4 14. Bb1 Bxh3 {is very exciting, Black wants more than equalization.}
(14... f5 $5 {is the simple solution.}) 15. a3 Na6 (15... Bg4 $5 16. axb4 cxb4
17. Ne4 Nxc4 18. bxc4 Bxa1 19. f3 (19. Bxb4 $2 f5 20. N4g3 f4 21. Ne4 f3 $17)
19... Bd7 {with immense complications.}) 16. gxh3 Nf3+ 17. Kg2 Nxd2 (17... Qf6
$6 18. Be4 Nh4+ 19. Kg3 {This is the beginning of a K march reminding me to
the ages of Steinitz!} Rxe4 20. Nxe4 Qf3+ 21. Kxh4 Qxe4+ 22. Nf4 g5+ 23. Kxg5
Bf6+ 24. Kg4 Kh8 25. Kg3 Rg8+ 26. Kh2 Be5 27. Rg1 Bxf4+ 28. Bxf4 Qxf4+ 29. Kh1
$18 {and the K has returned home safely, Sagalchik-Ibragimov, New York 1992.})
18. Qxd2 Rxe2 19. Qxe2 Bxc3 20. Ra2 Qf6 {was the last chance for a successful
blockade.})) 11... Nc7 12. Rb1 (12. h3 Ne5 13. b3 f5 14. f4 Nd7 $13) (12. Bf4
Re8 $13) 12... a5 {Black is fighting against b4 at any rate.} ({The standard} 
12... f5 {was also possible.} 13. h3 (13. b4 cxb4 14. axb4 f4 15. Nd4 f3 $36) (
13. f4 Re8 $132) 13... Ne5) 13. b3 f5 14. h3 Ne5 15. a4 $6 {Closing the
position completely cannot yield White any advantage.} (15. f4 Nd7 16. Be3 Re8
17. Bf2) 15... Na6 $11 {/\ Nb4} 16. Nb5 Re8 17. Bb2 Nb4 18. f4 Nf7 19. Bxg7
Kxg7 20. Qd2 Bd7 21. Nec3 Rc8 22. Rbe1 Qh4 23. Bd1 h5 24. Kh2 Qf6 {1/2-1/2
Larsen-A.Hoffman, Pinamar 2001 CBM 082}) (10... Qh4 11. Bf4 Ne5 12. b3 Na6 13.
Rc1 f5 14. Qd2 Qe7 15. Rce1 Bd7 16. Bg5 Bf6 17. Bxf6 Qxf6 18. f4 Nf7 19. a3
Rfe8 20. Bd3 Re7 21. Nc1 Rae8 $11 {leading to mass echanges on the e <->, H.
Olafsson-A.Kuzmin, Moscow 1989.}) 11. h3 (11. Bf4 Ne5 12. b3 Na6 13. Rc1 Nc7
14. Qd2 f5 $13 {is again the standard move gaining space on the >>.} (14... a6
15. Bg5 f6 16. Bh4 Ng4 17. Ne4 Nh6 18. N2g3 Nf5 19. Nxf5 Bxf5 20. f3 b5 21. Bg3
Bxe4 22. fxe4 Qe7 23. b4 $1 $16 {this time opens the << to White's favour,
Romanishin-Gulko, SU 1984.})) 11... Ne5 12. b3 b5 (12... Qh4 13. Bf4 $5 (13. f4
$6 {falls into the well-known motif} Ng4 $1 14. Rb1 {was the best defence.} (
14. Bd3 $2 {is met by the typical blow} Rxe2 $1 15. Nxe2 Bxa1 16. hxg4 Bxg4 $17
{Kremenietsky-Ulko, Moscow 2002}) (14. hxg4 $2 Bxg4 $19 {and White founders on
the numerous pins.}))) 13. cxb5 a6 14. b6 ({Accepting the Benko type of
positional sacrifice gave no easy life for White after} 14. bxa6 Bxa6 15. Rb1
Ned7 $44) (14. Rb1 axb5 15. Nxb5 Rxa2 $132) 14... a5 (14... Qxb6 15. Rb1 a5 {
- 14...a5}) 15. Ne4 (15. Rb1 $5 Ned7 $1 (15... Qxb6 16. f4 Ned7 17. f5 $36))
15... Qxb6 16. Rb1 Ba6 17. Re1 Nbd7 {Black has a nice Benoni (or Benko
Gambit?!) type of positioin.} 18. Bb2 Bh6 19. Bc1 Bg7 20. Bb2 Bh6 21. Bc1 {
and draw by repetition of moves.} 1/2-1/2